| 000 | 01457nam a2200397Ii 4500 | ||
|---|---|---|---|
| 001 | DIGEDUV0047 | ||
| 003 | NyNyDIG | ||
| 006 | m o d | ||
| 007 | cr ||||||||||| | ||
| 008 | 130301s2012 ag ob 000 0 spa d | ||
| 020 | _z9789871727865 | ||
| 020 | _z9871727860 | ||
| 035 | _a(OCoLC)888265806 | ||
| 040 |
_aDGITA _beng _epn _cDGITA |
||
| 043 | _as-ag--- | ||
| 050 | 1 | 4 | _aP302.77 eBook |
| 100 | 1 |
_aDíaz, Marcelo, _d1981- |
|
| 245 | 1 | 3 |
_aLa palabra y la acción : _bla máquina de enunciación K / _cMarcelo Díaz ; [prólogo, Hugo Aguilar]. |
| 264 | 1 |
_aVilla María, Córdoba, Argentina : _bEDUVIM, Editorial Universitaria Villa María, _c2012. |
|
| 300 | _a1 online resource (134 pages) | ||
| 336 |
_atext _btxt _2rdacontent |
||
| 337 |
_acomputer _bc _2rdamedia |
||
| 338 |
_aonline resource _bcr _2rdacarrier |
||
| 490 | 1 | _aColección Debates. | |
| 504 | _aIncludes bibliographical references (p. 131-134). | ||
| 650 | 0 |
_aDiscourse analysis _xPolitical aspects _zArgentina. |
|
| 651 | 0 |
_aArgentina _xPolitics and government _y2002- |
|
| 655 | 0 | _aElectronic books. | |
| 700 | 1 | _aAguilar, Hugo. | |
| 791 | 2 |
_aDigitalia (Firm), _edistributor. |
|
| 830 | 0 | _aColección Debates (Universidad Nacional de Villa María) | |
| 793 | 0 |
_gDigitalia eBook Collection: _aEdiciones Eduvim |
|
| 856 | 4 | 0 |
_3Digitalia Hispánica _uhttps://www.digitaliapublishing.com/a/14531/ |
| 910 | _aPremium Collection: 2007-2012 | ||
| 942 | _cRAA | ||
| 999 |
_c233557 _d233557 |
||